00850nam a2200205 a 450000100100000000500170001000800410002702000150006804000250008308200190010824501390012725000340026626000710030030000320037165000330040370000370043670000400047395201160051399900150062900000709720250609133711.0090904s1997 dr a 000 0 spa d a8460570002 aDO-SdBNPbspacBNPHU a398.961bC755q00aConsejos que me dio mi padre :bmanual de aforismos /cselección y prólogo Antonio Thomen ; presentación César Mella Mejías. a2a. ed. Corregida y aumentada aSanto Domingo :bInstituto Dominicano de Bioconservación,c1997. avii, 84 p. :bil. ;c21 cm. 0xAforismos y apotegmas9832681 aThomen, Antonio,epról.9197111 aMella Mejías, Césard1950-9210 0010718PDaPDbPDcCTd2009-09-04iLF1l0o398.961 C755qp7097-10r2020-06-25w2020-06-25yLFPDZNo se presta c6878d6878